000 01243cam a22003855i 4500
999 _c14140
_d14140
001 20063297
005 20190816154036.0
008 171016s2018 enka bf 001 0 eng d
010 _a 2017957999
015 _aGBB866908
_2bnb
016 7 _a018829709
_2Uk
020 _a978-1-5264-2462-4
020 _a1526424622
020 _a1526424630
020 _a9781526424631
020 _z9781526451453
035 _a(OCoLC)on1049156877
040 _aHUA
_beng
_cHUA
_erda
_dOCLCO
_dOCLCF
_dUKMGB
_dPHCSB
_dYDXIT
_dDLC
042 _alccopycat
082 0 4 _aDC 302.2
_22018
_bIn81
245 0 4 _aThe intensive interaction handbook /
_cedited by Dave Hewett.
250 _a2nd edition.
260 _aLos Angeles:
_bSAGE,
_c2018.
300 _a163 pages :
_billustrations ;
_c31 cm
504 _aIncludes bibliographical references and index.
650 0 _aCommunication
_vHandbooks, manuals, etc.
_939243
650 7 _aCommunication.
_2fast
_939244
655 7 _aHandbooks and manuals.
_2fast
_939194
700 1 _aHewett, Dave,
_eeditor.
_939245
776 0 8 _iebook version :
_z9781526451453
906 _a0
_bibc
_ccopycat
_d2
_encip
_f20
_gy-gencatlg
942 _2ddc
_cDC